000 00973nam a22002297a 4500
005 20250423120243.0
008 250423b |||||||| |||| 00| 0 eng d
020 _a978-81-7702-457-9
037 _chbk
040 _aCRL
_cCRL
041 _2hin
_ahin
_hsan
084 _qCRL
100 _aमिश्र, बलभद्र
_9752784
245 _aहायनरत्नम्
260 _aदिल्ली, भारत:
_bप्रतिभा प्रकाशन,
_c2019.
300 _axvi, 260p.
365 _b1595.00
_cINR
650 _2आध्यात्मिक अध्ययन
700 _aशुक्ल, बृजेश कुमार (संपादक)
_9752785
942 _2CC
_cTB
_hΔ2:864 15Q9
_n0
999 _c1309306
_d1309306